Postmodernidad y proceso europeo la oportunidad como principio informador del proceso judicial /

Bibliographic Details
Main Author: Calaza Lp̤ez, Mara̕ Sonia
Other Authors: Muinelo Cobo, Jos ̌Carlos
Format: eBook
Language:Spanish
Published: Madrid: Dykinson, 2020
Subjects:
Online Access:Acceso restringido

MARC

LEADER 00000nam a22000007a 4500
005 20201112214953.0
007 cr|||| ||||
008 201112s2020 es |||||s|||| 00||0 spa d
020 |a 978-84-1324-772-4 
035 |a 32128 
040 |a vLex 
090 |c 10850  |d 10850 
100 1 |a Calaza Lp̤ez, Mara̕ Sonia 
245 1 0 |a Postmodernidad y proceso europeo  |h [Recurso electrn̤ico] :  |b la oportunidad como principio informador del proceso judicial /  |c Mara̕ Sonia Calaza Lp̤ez, Jos ̌Carlos Muinelo Cobo 
256 |a Servicio en ln̕ea 
260 |a Madrid:  |b Dykinson,  |c 2020 
300 |a 1 recurso electrn̤ico 
506 1 |a Disponible solo en los productos indicados  |d vLex Global  |d vLex Global (Academic Edition, excluding Law Schools)  |d vLex Global (U.S. Academic Edition, Law Schools)  |d vLex Global (U.S. Academic Edition, excluding Law Schools)  |d vLex Global (Academic Edition, Law Schools) 
650 0 4 |a Derecho Procesal  |z Espaą 
700 1 |a Muinelo Cobo, Jos ̌Carlos 
740 0 |a vLex Libros (Servicio en ln̕ea) 
856 4 0 |u http://vlex.com/source/postmodernidad-proceso-europeo-oportunidad-principio-informador-proceso-judicial-32128  |z Acceso restringido 
942 |c BOOK 
999 0 |a Procedural law